The Radio amateur's license manual /

Bibliographic Details
Corporate Author: American Radio Relay League
Other Authors: Clift, Wyland Dale
Format: Book
Language:English
Published: Newington, Conn. : American Radio Relay League, [1981]
Edition:78th ed.
Subjects:

MARC

Tag First Indicator Second Indicator Subfields
LEADER 00000cam a2200000 a 4500
001 in00000078823
005 20151008053932.0
008 810731s1981 ctua 00110 eng d
010 |a  37008925  
020 |a 0872592782 :  |c $4.00 
035 |a (OCoLC)07632322 
035 |9 AAH9117AM 
040 |a EZW  |c EZW  |d TXA  |d UtOrBLW 
043 |a n-us--- 
049 |a TXAM  |c [1501932] 
090 |a TK6554  |b .A55 1981 
110 2 |a American Radio Relay League. 
245 1 4 |a The Radio amateur's license manual /  |c edited by Wyland Dale Clift. 
250 |a 78th ed. 
264 1 |a Newington, Conn. :  |b American Radio Relay League,  |c [1981] 
264 4 |c ©1981 
300 |a 186 pages in various pagings :  |b illustrations ;  |c 29 cm. 
336 |a text  |b txt  |2 rdacontent 
337 |a unmediated  |b n  |2 rdamedia 
338 |a volume  |b nc  |2 rdacarrier 
500 |a Includes index. 
650 0 |a Radio  |v Examinations, questions, etc. 
650 0 |a Radio operators  |z United States. 
700 1 |a Clift, Wyland Dale. 
999 |a MARS 
999 f f |s 2c45b7f1-0cef-3f72-9d0f-6a8fa475f351  |i 66776b78-fa8b-3235-b2e2-dc012713db38  |t 0 
952 f f |p ric  |a Texas A&M University  |b Rellis Campus  |c Joint Library Facility  |d Remote Storage  |t 0  |e TK6554 .A55 1981  |h Library of Congress classification  |i unmediated -- volume  |m A14806251680 
998 f f |a TK6554 .A55 1981  |t 0  |l Remote Storage